| 000 | 00564nam a22002051a 4500 | ||
|---|---|---|---|
| 003 | NEGST | ||
| 005 | 20151210020002.0 | ||
| 008 | 030712s1993 001 0 eng d | ||
| 020 | _a9810051956 | ||
| 100 | 1 | _aBowie, Richard W. | |
| 245 | 1 | 0 |
_aLight for the nations : _ba biblical theology of evangelization / _cby Richard W. Bowie. _h[Text] |
| 250 | _a2nd. | ||
| 260 |
_aTanglin _bHCLS _c1993 |
||
| 300 | _aXii, 118p. | ||
| 500 | _aIncludes bibliography. | ||
| 590 | _aAccession number: 24101 | ||
| 650 | 0 | _aEvangelization. | |
| 942 | 0 | 0 | _02 |
| 999 |
_c7788 _d7788 |
||